000 01074nam a2200277Ia 4500
005 20220316235227.0
008 121119s1985 ck a gr 000 e spa
020 _a8489209464
041 0 _aspa
082 0 4 _a320.98605
_bS15e
_222 edición
100 1 _aSánchez Gómez, Gonzalo
_d1945
245 1 0 _aEnsayos de historia social y política del siglo XX
_blos bolcheviques del Libano, las ligas campesinas en Colombia, las raíces historicas de la amnistía
_cGonzalo Sánchez Gómez
250 _aPrimera edición
300 _a276 páginas
_bilustraciones
_c20 cm
490 0 _aHistoria
650 1 4 _aViolencia
_zColombia
_vEnsayos, conferencias, etc.
_2LEMB
651 4 _aColombia
_vPolítica social
_zColombia
_935012
651 4 _aColombia
_vCondiciones económicas
_xHistoria
_935013
651 4 _aColombia
_vCondiciones sociales
_xHistoria
_935014
942 _2ddc
_cBK
264 _aBogotá
_bEl Áncora
_c1985
336 _atexto
_btxt
_2rdacontent
337 _asin mediación
_bn
_2rdamedia
338 _avolumen
_bnc
_2rdacarrier
040 _aCO-BoRNBP
_bspa
_erda
_cCO-BoRNBP
999 _c292
_d292